Podielové fondy v SR
Vymedzenie pojmu podielový fond. Investovanie majetku fondu. Oceňovanie majetku vo fonde. Náklady spojené s investovaním. Klasifikácia fondov.
Salvato in:
| Autore principale: | |
|---|---|
| Natura: | Capitolo di libro |
| Lingua: | slovacco |
| Soggetti: | |
| Tags: |
Nessun Tag, puoi essere il primo ad aggiungerne!!
|
MARC
| LEADER | 00000nla a2200000 4500 | ||
|---|---|---|---|
| 001 | 0234591 | ||
| 005 | 20240417075123.4 | ||
| 041 | 0 | |a slo | |
| 044 | |a SK | ||
| 245 | 1 | 0 | |a Podielové fondy v SR |c Katarína Heretiková |
| 520 | |a Vymedzenie pojmu podielový fond. Investovanie majetku fondu. Oceňovanie majetku vo fonde. Náklady spojené s investovaním. Klasifikácia fondov. | ||
| 610 | 2 | 0 | |a fondy podielové |
| 610 | 2 | 0 | |a stratégia investičná |
| 610 | 2 | 0 | |a investori |
| 610 | 2 | 0 | |a investovanie |
| 610 | 2 | 0 | |a majetok |
| 100 | 1 | |a Heretiková, Katarína | |